| 000 | 00970nas a2200325 4500 | ||
|---|---|---|---|
| 001 | BR0402448 | ||
| 003 | BR-BrBNA | ||
| 005 | 20231205104526.0 | ||
| 007 | ta | ||
| 008 | 230509b bl.|||p| |||| 00| 00por d | ||
| 040 |
_aBR-BrBNA _bpor _cBiblioteca Nacional de Agricultura |
||
| 041 | _a(Pt) | ||
| 072 | _aQ03 | ||
| 100 | 1 | _aSousa, C.L. | |
| 100 | 1 | _aPádua, C.S. de | |
| 100 | 1 | _aGomes, S.C. de A. | |
| 245 | 1 | _aQualidade microbiológica de sucos "In natura" de cajú e cupuaçu comercializados na cidade de Rio Branco - AC | |
| 650 | _aCAJU | ||
| 650 | _aCUPUAÇÚ | ||
| 650 | _aSUCO DE FRUTA | ||
| 650 | _aANÁLISE MICROBIOLÓGICA | ||
| 650 | _aCONTAMINAÇÃO | ||
| 650 | _aSALMONELOSE | ||
| 650 | _aHIGIENE DE ALIMENTO | ||
| 650 | _aPATÓGENO | ||
| 650 | _aACRE | ||
| 773 | 0 |
_tHigiene Alimentar (Brazil) _xISSN 0101-9171 _g(Nov-Dec 2003), v. 17(114-115) p. 91-96 _wBR0402448 |
|
| 909 |
_a202311 _bLúcia _c55 _dLúcia Elande |
||
| 942 |
_2AGRIS _n0 _cANA |
||
| 999 |
_c178543 _d178543 |
||